01329cas a22003617a 450000500170000000800410001701000100005801100100006802200140007803500100009224500300010226000580013230000070019031000150019736200190021265000480023165000530027986600600033286600600039286600310045286600310048386600580051486600580057286600600063086600340069086600290072486600360075386600360078986600360082586600360086186600360089786600340093320220329142012.0990119c1929 enkqr pernn 0 uub1eng d a76893 a778650 a0022-0299 a8761500aJournal of Dairy Research0 aCambridge, U.K. :bCambridge University Press,c1929- av. aTrimestral av.65 n.3, 199814aGanado lecheroxPublicaciones periódicas.14aProductos lácteosxPublicaciones periódicas. av. 66 n. 1 (February 1999) - v. 69 n. 4 (November 2002) av. 70 n. 1 (February 2003) - v. 70 n. 4 (November 2003) av. 72 n. 1 (February 2005) av. 73 n. 1 (February 2006) av. 73 n. 3 (August 2006) - v. 73 n. 4 (November 2006) av. 74 n. 1 (February 2007) - v. 74 n. 3 (August 2007) av. 75 n. 1 (February 2008) - v. 75 n. 4 (November 2008) av.1 n.1-v.6 n.1 - (1929-1935) av.15 n.1-2 - (1947-1948) av.16 n.1-v.23 n.3 - (1949-1956) av.24 n.3-v.49 n.4 - (1957-1982) av.51 n.1-v.53 n.2 - (1984-1986) av.51 n.1-v.65 n.3 - (1984-1988) av.53 n.4-v.65 n.4 - (1986-1998) av.6 n.3-v.7 n.3 - (1935-1936)